Words Containing 'Ship' - Statistics

General Stats
  • This quiz has been taken 45 times
  • The average score is 9 of 21
Answer Stats
Definition Ship Word % Correct
A crewed spacecraft designed for interstellar travel. Starship
78%
A circumstance that causes persistent suffering or difficulty. Hardship
70%
A small town. Township
65%
The companionship of individuals on equal terms. Fellowship
62%
Banning or deleting information from public view. Censorship
54%
Specialized behavior in animals that leads to or initiates mating. Courtship
54%
The lawful status of being a member of a nation. Citizenship
51%
Connection by heredity, marriage, or adoption. Kinship
51%
A sailor serving on the same ship as another. Shipmate
49%
To regard with ardent or adoring esteem or devotion. Worship
49%
A grant of financial aid awarded to a student attending a college. Scholarship
43%
A quantity of goods or cargo that are sent together. Shipment
43%
Orderly and neat; tidy. Shipshape
43%
The art, skill, style, or manner of handwriting. Penmanship
41%
A franchise selling specified items like cars or appliances. Dealership
38%
The people who watch a television program or motion picture. Viewership
38%
Supervised, practical training for students or recent graduates.. Internship
35%
Guidance provided by an experienced person. Mentorship
30%
Fervent or militant support of a political party. Partisanship
8%
Having a flair for dramatic or ostentatious behavior. Showmanship
8%
The act of assuming responsibility for some other person or thing. Sponsorship
3%
No matching quizzes found
Score Distribution
Percent of People with Each Score
Percentile by Number Answered
Your Score History
You have not taken this quiz